| 000 | 00668nam a22001337a 4500 | ||
|---|---|---|---|
| 040 | _cRUA | ||
| 082 | _aAVM CHH 2018 B658 Or.1 | ||
| 100 | _aCHHOUN SREYTOUCH ឈួន ស្រីតូច | ||
| 245 | _aantimicrobial resistance of pseudomonas in pig semen at tramkak district,takeo province ភាពសុំានៃ pseudomonas ទល់នឺងឪសថក្នុងទឹកកាម ជ្រូក នៅស្រុកត្រាំកក់ ខេត្តកែវ | ||
| 260 |
_aRUA _bPHNOM PENH _c2018 |
||
| 300 |
_aX;31P _bill; _c29cm |
||
| 856 | _uhttps://drive.google.com/file/d/1DILUcHnFJzCj5TcFPAE7fd62mWU3t3v2/view?usp=sharing | ||
| 942 | _cAVM | ||
| 999 |
_c18926 _d18926 |
||